| 000 | 01772cab a2200277 4500 | ||
|---|---|---|---|
| 001 | ABS68627 | ||
| 008 | 050113n2004 000 0 eng u | ||
| 035 | _a(Sirsi) u128518 | ||
| 100 | _aMarrs, C. | ||
| 245 | _aWaste not want not | ||
| 260 | _c2004 | ||
| 490 |
_aAxis _v58(5) November/December 2004, 14(1) |
||
| 520 | _aConsiders the implications of the "Walle" ruling ([2004] EUECJ C-1/03) by the European Court of Justice in September 2004 for the future of brownfield regeneration. The judgment stated that unintentionally spilled hydrocarbons causing soil and groundwater contamination are waste as is soil contaminated by hydrocarbons, even if it has not been excavated. If unexcavated contaminated soil is defined as waste, landowners sitting on contaminated land will be committing an offence if they do not hold a waste management licence. Doubts have also been cast on who is responsible for enforcing the clean up of contaminated land. Although not all experts are convinced that the ruling is a major setback to brownfield redevelopment, most agree that there is a clear need for clarification of waste regulation responsibilities. The "Walle" ruling is available at www.curia.eu.int/. | ||
| 590 | _aABS | ||
| 650 | _aBROWNFIELD LAND | ||
| 650 |
_aContamination _96231 |
||
| 650 | _aHYDROCARBONS | ||
| 650 | _aSOIL CONTAMINATION | ||
| 650 | _aWASTE REGULATIONS | ||
| 650 | _aREGENERATION | ||
| 650 | _aGROUNDWATER CONTAMINATION | ||
| 650 | _aWALLE CASE | ||
| 690 | _aENVIRONMENT-CONTAMINATION | ||
| 856 |
_uhttps://curia.eu.int/jurisp/cgi-bin/form.pl?lang=en&Submit=Submit&docrequire=alldocs&numaff=&datefs=&datefe=&nomusuel=Van+de+Walle&domaine=&mots=&resmax=100 _zView the ruling on the European Court of Justice website... |
||
| 942 | _n0 | ||
| 999 |
_c74715 _d74715 |
||